000 00344 a2200169 4500
001 189565
020 _a85-7302-768-1
040 _cMagnum
100 _aMosse, Kate
240 1 0 _aLabirinto
_lpor
245 1 0 _aLabirinto
300 _a564
362 0 _a2006
440 1 _aObjetiva
697 _aLITERATURA GERAL ESTRANGEIRA
942 _cBK
999 _c189565
_d189565